| 000 | 00615nam a2200217 a 4500 | ||
|---|---|---|---|
| 999 |
_c6278 _d6278 |
||
| 001 | 6278 | ||
| 003 | BD-JhCC | ||
| 005 | 20180123191422.0 | ||
| 008 | 180118s1961 b |||| || | 000 0 eng d | ||
| 035 | _a(BD-JhCC)6278 | ||
| 040 |
_aBD-JhCC _dBD-JhCC |
||
| 041 | _aeng | ||
| 082 |
_a297 _bRAH 1961 |
||
| 100 | _aরহমান,সুফী হাবিবুর | ||
| 245 |
_aমা'রেফাৎ তত্ত্ব / _cসুফী হাবিবুর রহমান, |
||
| 260 |
_aভোলা : _c1961. |
||
| 300 |
_a136 p. : _c21 cm. |
||
| 650 | _aইসলাম | ||
| 942 |
_2ddc _cBK |
||